[Event "Tula Efremenkov Memorial"]
[Site "Tula"]
[Date "2004.01.29"]
[Round "10"]
[White "Arzumanian, Georgy"]
[Black "Pendurin, Evgeniy"]
[Result "1-0"]
[WhiteElo "2416"]
[BlackElo "2269"]
[PlyCount "51"]
[EventDate "2004.01.??"]
[EventType "tourn"]
[EventRounds "15"]
[EventCountry "RUS"]
[EventCategory "7"]
[SourceTitle "EXT 2005"]
[Source "ChessBase"]
[SourceDate "2004.11.15"]
[SourceVersion "1"]
[SourceVersionDate "2004.11.15"]
[SourceQuality "1"]

1. e4 e5 2. Nf3 Nf6 3. Nxe5 d6 4. Nf3 Nxe4 5. d4 d5 6. Bd3 Nc6 7. 0-0 Be7 8. c4 Nb4 9. cxd5 Nxd3 10. Qxd3 Nf6 11. Qb5+ Qd7 12. Qxd7+ Bxd7 13. Nc3 0-0 14. Bg5 a6 15. Rac1 Rac8 16. Bxf6 gxf6 17. Nd2 c5 18. dxc5 Bxc5 19. Nde4 Kg7 20. Nxf6 Bf5 21. Nfe4 Rfd8 22. Nxc5 Rxc5 23. Rcd1 b5 24. Rd4 Rd6 25. Rfd1 Kf6 26. g4 1-0

[Event "Tula Efremenkov Memorial"]
[Site "Tula"]
[Date "2004.01.25"]
[Round "5"]
[White "Pendurin, Evgeniy"]
[Black "Amonatov, Farrukh"]
[Result "0-1"]
[WhiteElo "2269"]
[BlackElo "2557"]
[PlyCount "86"]
[EventDate "2004.01.??"]
[EventType "tourn"]
[EventRounds "15"]
[EventCountry "RUS"]
[EventCategory "7"]
[SourceTitle "EXT 2005"]
[Source "ChessBase"]
[SourceDate "2004.11.15"]
[SourceVersion "1"]
[SourceVersionDate "2004.11.15"]
[SourceQuality "1"]

1. e4 c5 2. Nc3 d6 3. d3 g6 4. g3 Bg7 5. Bg2 Nc6 6. Be3 e6 7. Qd2 Nd4 8. Nd1 Ne7 9. c3 Ndc6 10. Bh6 0-0 11. h4 Bxh6 12. Qxh6 f6 13. Ne2 Ne5 14. Qd2 c4 15. dxc4 Nxc4 16. Qd4 Qc7 17. b3 Nb6 18. Ne3 d5 19. exd5 Nbxd5 20. Nxd5 Nxd5 21. Rd1 Qf7 22. 0-0 Ne7 23. Qa4 a6 24. c4 e5 25. Nc3 Nf5 26. Bd5 Be6 27. Qb4 Bxd5 28. Nxd5 Rad8 29. Qc3 Nd4 30. Kg2 g5 31. hxg5 fxg5 32. Qe3 Nf3 33. Rh1 Rd6 34. Nc3 Rd4 35. Ne4 Qg6 36. Nd2 g4 37. Rh6 Qf5 38. Qe2 Rfd8 39. c5 Nxd2 40. Rd6 R8xd6 41. cxd6 Qf3+ 42. Qxf3 gxf3+ 43. Kh3 Rxd6 0-1

[Event "Tula Efremenkov Memorial"]
[Site "Tula"]
[Date "2004.01.24"]
[Round "3"]
[White "Saulin, Dmitri"]
[Black "Pendurin, Evgeniy"]
[Result "1-0"]
[WhiteElo "2475"]
[BlackElo "2269"]
[PlyCount "55"]
[EventDate "2004.01.??"]
[EventType "tourn"]
[EventRounds "15"]
[EventCountry "RUS"]
[EventCategory "7"]
[SourceTitle "EXT 2005"]
[Source "ChessBase"]
[SourceDate "2004.11.15"]
[SourceVersion "1"]
[SourceVersionDate "2004.11.15"]
[SourceQuality "1"]

1. e4 d6 2. d4 g6 3. Nc3 Bg7 4. Nf3 Nc6 5. d5 Ne5 6. Nxe5 Bxe5 7. Be2 Bg7 8. Be3 c5 9. Qd2 a6 10. a4 Qb6 11. Nd1 Bd7 12. a5 Qc7 13. 0-0 h5 14. Rb1 Nf6 15. f3 Bb5 16. c4 Bd7 17. b4 b6 18. axb6 Qxb6 19. Nf2 Qc7 20. bxc5 dxc5 21. Nd3 0-0 22. Bxc5 Rfe8 23. Bb6 Qxc4 24. Nc5 Bh6 25. Qb2 Be3+ 26. Kh1 Qd4 27. Qxd4 Bxd4 28. Nxd7 1-0